000
00319nam a2200109Ia 4500
008
200302s9999 xx 000 0 und d
100
_a
Santosh Kumar ed.,
245
_a
All India Architects Directory with a Standard Catalogue Section
260
_b
The Architects Publishing Corporation
260
_c
1976
300
_a
194 P.,
999
_c
385
_d
385